000 00680nam a2200229 a 4500
001 13422
003 BD-JhCC
005 20230923131743.0
008 230917b2021 bg |||| ||a| 001 0 b d
020 _a9848395001
035 _a(BD-JhCC)13422
040 _aBD-JhCC
_dBD-JhCC
041 _abengali
082 _bMOH 2021
100 _aমোহন, ড.ইকবাল কবীর
245 _aগল্প পড়ো জীবন গড়ো /
_cড.ইকবাল কবীর মোহন।
260 _aঢাকা:
_bশিশুকানন প্রকাশ;
_c2021.
300 _a80 p. :
_c20 cm.
651 _aIslamic
942 _2ddc
_cBK
999 _c13422
_d13422